|
|
|
|
| LEADER |
00000nam a22000007a 4500 |
| 005 |
20201118212338.0 |
| 007 |
cr|||| |||| |
| 008 |
201118s2020 mx |||||s|||| 00||0 spa d |
| 020 |
|
|
|a 978-607-541-202-3
|
| 035 |
|
|
|a 32262
|
| 040 |
|
|
|a vLex
|
| 090 |
|
|
|c 10890
|d 10890
|
| 100 |
1 |
|
|a Sǹchez Miranda, Arnulfo
|
| 245 |
1 |
0 |
|a Aplicacin̤ prc̀tica del Cd̤igo Fiscal de la Federacin̤
|h [Recurso electrn̤ico] /
|c Arnulfo Sǹchez Miranda
|
| 256 |
|
|
|a Servicio en ln̕ea
|
| 260 |
|
|
|a Ciudad de Mx̌ico:
|b Ediciones Fiscales ISEF,
|c 2020
|
| 300 |
|
|
|a 1 recurso electrn̤ico
|
| 506 |
1 |
|
|a Disponible solo en los productos indicados
|d vLex Global
|d vLex Global (Academic Edition, excluding Law Schools)
|d vLex Global (U.S. Academic Edition, Law Schools)
|d vLex Global (U.S. Academic Edition, excluding Law Schools)
|d vLex Global (Academic Edition, Law Schools)
|
| 650 |
0 |
4 |
|a Derecho Fiscal
|z Mx̌ico
|
| 740 |
0 |
|
|a vLex Libros (Servicio en ln̕ea)
|
| 856 |
4 |
0 |
|u http://vlex.com/source/aplicacion-practica-codigo-fiscal-federacion-32262
|z Acceso restringido
|
| 942 |
|
|
|c BOOK
|
| 999 |
0 |
|
|a Tax Law
|